000 01592cam a22004934i 4500
003 PE-LiUPU
005 20250731184605.0
008 150616s r 000 0 d
020 _a0913573892
035 _a(Sirsi) i9780913573891
040 _aPE-LiUPU
_bspa
_cPE-LiUPU
_erda
049 _aPRUA
082 0 4 _a956.94
_bM28
_221
100 1 _aMatthews, Victor Harold,
_eautor.
245 1 0 _aSocial World of Ancient Israel, 1250-587 BCE.
264 1 _aMassachusetts :
_bHendrickson Publishers,
_c1993.
300 _a327 páginas ;
_c24 centímetros
336 _atext
_2rdacontent
337 _aunmediated
_2rdamedia
338 _avolume
_2rdacarrier
504 _aIncluye bibliografía.
505 0 _aAncients Israel as villages -- Ancients Israel as a state.
526 _aP136
526 _aP135
526 _aP134
526 _aP133
526 _aP144
526 _aP143
526 _aP87
526 _aP35
526 _aP20
526 _aP14
526 _aP10
526 _aP06
650 0 4 _aISRAEL ANTIGUO - MUNDO SOCIAL, 1250-587 a.C.
700 1 _aDon C. Benjamin.
910 _ajck
_bjvq
_cjck
942 _2ddc
_cBOOK
949 _a956.94 M28
_wDEWEY
_c1
_i40167
_lCCODEBUL1
_mBUL
_r0
_sY
_tBOOK
_u2015-6-16
_xTEOLOGIA
_zUNKNOWN
_0COMPRA
_o.STAFF. Colección General
994 _aC0
_bPEPRU
596 _a1
999 _a956.94 M28
_wDEWEY
_c57959
_i40167
_f2021-11-12
_g5
_lCCODEBUL1
_mBUL
_r0
_sY
_tBOOK
_u2015-6-16
_xTEOLOGIA
_zUNKNOWN
_0COMPRA
_o.STAFF. Colección General
_d57959
980 _81
_gALBERTO SANCHEZ Responsable de Automatización